BIBLIOTECA PODER JUDICIAL
Portal Judicial TDF

Alcance de la participación de niños, niñas y adolescentes en los procesos judiciales y su armonización con el interés superior y la autonomía progresiva / (Registro nro. 5647)

000 -LEADER
fixed length control field 01805nab a22002897a 4500
003 - CONTROL NUMBER IDENTIFIER
control field OSt
005 - DATE AND TIME OF LATEST TRANSACTION
control field 20251226213015.0
008 - FIXED-LENGTH DATA ELEMENTS--GENERAL INFORMATION
fixed length control field 190603e xxum|||| |||| 00| 0 spa d
040 ## - CATALOGING SOURCE
Transcribing agency PJ
100 ## - MAIN ENTRY--PERSONAL NAME
9 (RLIN) 4546
Personal name Pietra, María Luciana
245 10 - TITLE STATEMENT
Title Alcance de la participación de niños, niñas y adolescentes en los procesos judiciales y su armonización con el interés superior y la autonomía progresiva /
Statement of responsibility, etc María Luciana Pietra.
260 ## - PUBLICATION, DISTRIBUTION, ETC. (IMPRINT)
Date of publication, distribution, etc Ciudad Autónoma de Buenos Aires :
Place of publication, distribution, etc Thomson Reuters La Ley,
Name of publisher, distributor, etc 2025.
300 ## - PHYSICAL DESCRIPTION
Extent p. 153-162
500 ## - GENERAL NOTE
General note Cita: TR LALEY AR/DOC/1059/2025 <br/>Publicado en: RCCyC 2025 (junio).
505 ## - FORMATTED CONTENTS NOTE
Formatted contents note Sumario: I. Encuadre fáctico del caso.— II. Participación de los niños, niñas y adolescentes en los procesos judiciales.— III. Armonización entre el ejercicio de la responsabilidad parental y el principio de la autonomía progresiva.— IV. Autorización para viajar. Elección del lugar de residencia.— V. El derecho de niños, niñas y adolescentes a gozar de patrocinio letrado.— VI. Consideraciones finales.
505 ## - FORMATTED CONTENTS NOTE
Formatted contents note Fallo comentado: JFamilia 2a Nom., Córdoba ~ 20/12/2024 ~ T. F., T. c. T., A. J. s/ medidas provisionales personales - ley 10.305.
505 ## - FORMATTED CONTENTS NOTE
Title ¿Te interesa el texto completo? Solicitalo al correo: koha@justierradelfuego.gov.ar
650 #0 - SUBJECT ADDED ENTRY--TOPICAL TERM
9 (RLIN) 1497
Topical term or geographic name as entry element CODIGO CIVIL Y COMERCIAL
650 #0 - SUBJECT ADDED ENTRY--TOPICAL TERM
9 (RLIN) 967
Topical term or geographic name as entry element DERECHO DE FAMILIA
650 #0 - SUBJECT ADDED ENTRY--TOPICAL TERM
9 (RLIN) 5662
Topical term or geographic name as entry element ADOLESCENTES
650 #0 - SUBJECT ADDED ENTRY--TOPICAL TERM
9 (RLIN) 2741
Topical term or geographic name as entry element DERECHOS DE LAS NIÑAS, NIÑOS Y ADOLESCENTES
650 #0 - SUBJECT ADDED ENTRY--TOPICAL TERM
9 (RLIN) 4097
Topical term or geographic name as entry element INTERES SUPERIOR DEL NIÑO
650 #0 - SUBJECT ADDED ENTRY--TOPICAL TERM
9 (RLIN) 4378
Topical term or geographic name as entry element DERECHO A SER OÍDO
650 #0 - SUBJECT ADDED ENTRY--TOPICAL TERM
9 (RLIN) 1015
Topical term or geographic name as entry element RESPONSABILIDAD PARENTAL
773 0# - HOST ITEM ENTRY
Host Biblionumber 2713
Host Itemnumber 3170
Place, publisher, and date of publication Ciudad Autónoma de Buenos Aires : Thomson Reuters La Ley, 2015-
Title Revista Código Civil y Comercial. Nº 3 - Junio 2025
942 ## - ADDED ENTRY ELEMENTS (KOHA)
Source of classification or shelving scheme
Koha item type Analítica Artículo de Revista

No hay ítems disponibles.

12 de Octubre 789 Ushuaia - Tel:  54(02901)441571
Horario de Atención: 8.00 a 17.00 hs. 
bibliotecaush@justierradelfuego.gov.ar
koha@justierradelfuego.gov.ar
Seguinos en nuestras redes @bibliojustdf 

Con tecnología Koha